Представление документа в формате RUSMARC

Поле Инд. ПП Название Значение
Тип записи a
Библиографический уровень a
001 Контрольный номер 3a349f46c4a841698e0462bb0f7a8d0f
005 Дата корректировки 20200407131657.5
100 a Данные общей обработки 20181112 ||| 0rusy0189 ca
101 0_ a Язык текста rus
102 a Страна публикации RU
200 1_ f Первые сведения об ответственности В.И. Динека, Ж.В. Виденькина
a Заглавие Понятие и признаки состава должностного преступления
b Общее обозначение материала Текст
210 d Дата издания 2017
461 _0 1 2000
a Закон и право
463 _0 1 2000
a №7
v С. 61-62
1 2101
d 2017
1 0016009e64f0af5406f813935ab0a72dc8b
606 a Основная рубрика Право. Юридические науки
x Основная подрубрика Уголовное право
610 0_ a Ключевые слова ПРЕСТУПЛЕНИЯ ДОЛЖНОСТНЫЕ
a Ключевые слова СОСТАВ ПРЕСТУПЛЕНИЯ
700 _1 a Фамилия Динека
b Имя В.И.
701 _1 a Фамилия Виденькина
b Имя Ж.В.
801 _0 a Страна RU
b Организация РГУП
c Дата составления 20181112
g Правила каталогизации PSBO
801 _1 a Страна RU
b Организация РГУП
c Дата составления 20181112
g Правила каталогизации PSBO
901 t Тип документа b
w Контрольный № источника 6009e64f0af5406f813935ab0a72dc8b
905 a Дата ввода 20181112